| 000 | 00607nam a2200205 u 4500 | ||
|---|---|---|---|
| 005 | 20210223131603.0 | ||
| 008 | 110909s2003 r 000 0 eng d | ||
| 020 | _a9702405599 | ||
| 035 | _aUPN01000181769 | ||
| 049 | _aCG | ||
| 050 | 4 |
_aPN6071 H7.27 _bM8.43 |
|
| 100 | 1 |
_aMurray Prisant, Guillermo, _d1957- _931523 |
|
| 245 | 1 | 0 |
_aEspectros : _bleyendas de misterio / _cGuillermo Murray Prisant. |
| 260 |
_aMéxico : _bPatria, _c2003. |
||
| 300 |
_a146 p. : _bil. |
||
| 440 | 0 | _aPatria para jóvenes | |
| 650 | 4 |
_aCUENTOS DE TERROR - _vLITERATURA JUVENIL _96755 |
|
| 905 | _aLibro | ||
| 999 |
_c153872 _d153872 |
||